Handbooks on Fundamentals of Biochemistry/ (Record no. 216513)

MARC details
000 -LEADER
fixed length control field 00661nam a22001937a 4500
005 - DATE AND TIME OF LATEST TRANSACTION
control field 20260604161758.0
010 ## - LCCN (DPL NO)
LC control number ENG-148758
020 ## - INTERNATIONAL STANDARD BOOK NUMBER
Terms of availability 550.00
International Standard Book Number 9789361631719
035 ## - SYSTEM CONTROL NUMBER
System control number EN-132290
037 ## - SOURCE OF ACQUISITION
Source of stock number/acquisition DBAD
082 ## - DEWEY DECIMAL CLASSIFICATION NUMBER
Classification number 572
Edition number 1
100 ## - MAIN ENTRY--PERSONAL NAME
Personal name Shenbagam, M.
245 ## - TITLE STATEMENT
Title Handbooks on Fundamentals of Biochemistry/
Statement of responsibility, etc M. Shenbagam
250 ## - EDITION STATEMENT
Edition statement 1
260 ## - PUBLICATION, DISTRIBUTION, ETC. (IMPRINT)
Place of publication, distribution, etc Tamil Nadu, India
Name of publisher, distributor, etc Shanlax Publications
Date of publication, distribution, etc 2024
270 ## - ADDRESS
City Tamil Nadu
Address Shanlax Publications, Vasantha Nagar, Madurai, Tamil Nadu
Postal code 625003
Electronic mail address www.shanlaxpublications.com
-- publisher@shanlaxpublications.com
300 ## - PHYSICAL DESCRIPTION
Extent 248p.
Dimensions 25cm (pb)
942 ## - ADDED ENTRY ELEMENTS (KOHA)
Source of classification or shelving scheme Dewey Decimal Classification
Item type English Books
Classification part 572
Call number suffix SHE
Edition 1
Holdings
Withdrawn status Lost status Not for loan Collection code Home library Current library Date acquired Source of acquisition Cost, normal purchase price Full call number Barcode Copy number Cost, replacement price Koha item type
      Non-fiction R.K.Puram-8 R.K.Puram-8 04/06/2026 Delivery of Books Act Division 550.00 572 SHE EN-132290 1 550.00 English Books

© Delhi Public Library
Hit Counter
free hit counter